Регионална библиотека "Любен Каравелов" - Русе

Аз (Запис номер 66304)

MARC детайли
000 -Лидер
Контролно поле с фиксирана дължина 01174nam a2200301 c 4500
003 - Код на организацията, давaща контролен номер
Контролно поле BLK
005 - Дата и час на последна редакция
Контролно поле 20180422102824.0
008 - Елементи от данни с фиксирана дължина
fixed length control field 180408b bul|||||r ||||||| ||bul||
010 ## - Наследен системен номер
LC control number KNG00070595000
020 ## - Международен стандартен номер на книга ISBN
Международен стандартен номер на книга ISBN 954-427-645-9
-- издат.: Абагар
040 ## - Източник на каталожния запис
Идентификатор на билиотеката - собственик на записа BLK
041 ## - Код за език
Код за езика на текст/звукозапис или на отделно заглавие Български
Код за езика КДБФ Български
080 ## - УДК
Текстов определител УДК Руска литература
УДК код - определител по УДК 821.161.1
УДК определител -32
УДК - код + определител 821.161.1-32
100 1# - Редна дума - Автор
Автор Потьомкин, Александър
Авторска отговорност първи автор
R(LIN) 292883
139 ## - Редно поле
Редна дума Потьомкин, Александър
Авторски знак Пос - П 80
245 10 - Сведения за заглавието
Заглавие Аз
Подзаглавни данни Повест
Редно поле (дума) Александър Потьомкин; прев. Ивайло Петров.
257 ## - Страна на издаване
Страна на създаване/издаване Русия
260 ## - Област на издателските данни
-- В. Търново
Име на издателя, разпространителя и проч. Абагар
Година на издаване 2005
300 ## - Физическа характеристика
Страници 384 с.
Размери/Мащаб 17 см
380 ## - Жанр
Жанр Худож. лит.
500 ## - Общи забележки
Забележка Ориг. загл. Я / Александр Потемкин. - Пълното име на прев. е Ивайло Петров Иванов
700 1# - Други автори (авторска отговорност)
Лично име Петров, Ивайло
Автороска отговорност (Описва отношението между автора и произведението) прев.
Друга информация Кючуков, Продан Петров
9 (RLIN) 364118
852 ## - Местоположение
Форматна сигнатура Цб І 32253
856 4# - Електронен адрес и достъп
Електронен формат pdf - файл
Път до файла /url/
856 4# - Електронен адрес и достъп
Електронен формат pdf - файл
Път до файла /url/
942 ## - АРТИКУЛИ
Вид на библиотечния материал Книги
Скрит в OPAC Не
944 ## - СЪЗДАВАНЕ И РЕДАКЦИЯ на ЗАПИСА
Създаване/Редакция Създаване
Дата на регистрацията/редакция 16.01.2007
Служител, извършил регистрацията/редакцията Цветанка_Енчева
944 ## - СЪЗДАВАНЕ И РЕДАКЦИЯ на ЗАПИСА
Създаване/Редакция Редакция
Дата на регистрацията/редакция 24.01.2007
Служител, извършил регистрацията/редакцията
999 ## - СИСТЕМНИ КОНТРОЛНИ НОМЕРА
Koha biblionumber 66304
Koha biblioitemnumber 66304
Наличности
Код за отписване Код за изгубен артикул Код за повреда Коз за рестрикции Код за отдаване Артикулен № Име на библиотеката - собственик Име на библиотеката, в която се намира в момента Статус (Текущо местоположение) Дата на вписване в системата Местоположение - отдел Цена в лева Инвентарен номер Систематично азбучна сигнатура Баркод Номер на екземпляра Цена в евро Служебна бележка Служебен тип на артикула
  Не е изгубен Не е повреден без рестрикции ползва се в читалня 109990 Регионална библиотека "Любен Каравелов" Русе Регионална библиотека "Любен Каравелов" Русе Хранилище 2007-01-16 Хранилище 0.00 120000708583 Цб І 32253 120000708583 1 0.00 Дост: Dp Вид: Д N: 6 Дата: 18.01.2006 Книги
Vip Innovations Ltd, Rousse, Bulgaria 2025